000 00443nam a2200181Ia 4500
001 11363
005 20260306162822.0
008 260306t1998||||xx |||||||||||||| ||spa||
041 _aESP
082 _a985.04
_bA94
100 _aAyllón Dulanto, Fernando
_eAUT
245 0 _aReseña histórica del Congreso del Perú
260 _c1998
300 _a38 páginas :
_c21cm.
650 _aGEN
654 _aCHU
942 _cLIB
_dJUS
_fJUS
_2ddc
_n
999 _c11363
_d11363